00540nam a2200193Ia 450000500170000000800410001702000150005804000180007304100080009108200230009910000200012224500810014225000060022326000360022930000270026565000130029265000260030565000150033120220924111129.0210716s2007 xx 000 0 und d a8131800806 cAIMIT LIBRARY aeng a621.3822 21bWEEM aWeeks, Michael. aDigital signal processing : busing matlab and wavelets /cBy Michael Weeks. a1 aBangalorebFirewall mediac2007 axxiii, 452p.c23.5 cm. aSinusods aThe fourier transform aThe number